इलेक्ट्रॉनिक मीडिया की चुनौतियाँ / (Record no. 40882)
[ view plain ]
| 000 -LEADER | |
|---|---|
| fixed length control field | 01420nam a22002417a 4500 |
| 005 - DATE AND TIME OF LATEST TRANSACTION | |
| control field | 20100811112938.0 |
| 010 ## - LCCN (DPL NO) | |
| LC control number | HIN-90275 |
| 020 ## - INTERNATIONAL STANDARD BOOK NUMBER | |
| Terms of availability | 250.00 |
| International Standard Book Number | 9788126319480 |
| 035 ## - SYSTEM CONTROL NUMBER | |
| System control number | HN-62621 |
| 037 ## - SOURCE OF ACQUISITION | |
| Source of stock number/acquisition | DBAD / PUB |
| 082 ## - DEWEY DECIMAL CLASSIFICATION NUMBER | |
| Classification number | 302.23 |
| 245 ## - TITLE STATEMENT | |
| Title | इलेक्ट्रॉनिक मीडिया की चुनौतियाँ / |
| Statement of responsibility, etc | रवीन्द्र कालिया द्वारा संपादित |
| 246 ## - VARYING FORM OF TITLE | |
| Title proper/short title | Electronic Media Ki Chunotian |
| Remainder of title | Edited by Ravindra Kalia |
| 260 ## - PUBLICATION, DISTRIBUTION, ETC. (IMPRINT) | |
| Place of publication, distribution, etc | नई दिल्ली |
| Name of publisher, distributor, etc | भारतीय ज्ञानपीठ |
| Date of publication, distribution, etc | 2010 |
| 270 ## - ADDRESS | |
| Address | 18, इन्स्टीटयूशनल एरिया, लोदी रोड़ |
| City | नई दिल्ली |
| Postal code | 110003 |
| Electronic mail address | sales@jnanpith.net |
| Telephone number | 011-41611861, 40712100 |
| 300 ## - PHYSICAL DESCRIPTION | |
| Extent | 245पृ |
| Dimensions | 22सेमी (सजिल्द) |
| 490 ## - SERIES STATEMENT | |
| Series statement | लोकोदय ग्रन्थमाला : ग्रन्थांक 1033 |
| -- | 10657 |
| 700 ## - ADDED ENTRY--PERSONAL NAME | |
| 9 (RLIN) | 7228 |
| Personal name | कालिया, रवीन्द्र |
| 700 ## - ADDED ENTRY--PERSONAL NAME | |
| 9 (RLIN) | 7267 |
| Personal name | सिंह, शिवेन्द्र कुमार |
| 700 ## - ADDED ENTRY--PERSONAL NAME | |
| 9 (RLIN) | 7698 |
| Personal name | कुणाल सिंह |
| 942 ## - ADDED ENTRY ELEMENTS (KOHA) | |
| Institution code [OBSOLETE] | dpl |
| Item type | Hindi Books |
| Call number prefix | |
| Source of classification or shelving scheme | Dewey Decimal Classification |
| Call number suffix | इलेक्ट्रॉ |
| Classification part | 302.23 |
| Withdrawn status | Lost status | Not for loan | Collection code | Home library | Current library | Date acquired | Source of acquisition | Cost, normal purchase price | Full call number | Barcode | Copy number | Cost, replacement price | Koha item type |
|---|---|---|---|---|---|---|---|---|---|---|---|---|---|
| Not For Loan | Non-fiction | D.B.Act.Division | D.B.Act.Division | 11/08/2010 | DBAD / PUB | 250.00 | 302.23 इलेक्ट्रॉ | HN-62621 | 1 | 250.00 | Hindi Books |
